000 00505nam a2200181Ia 4500
005 20250326125350.0
008 250326s9999 xx 000 0 und d
037 _aTextbook
040 _aFMSL
_beng
_cFMSL
041 _aeng
_2eng
084 _aX8(J38):51.44 L3
_qFMSL
100 _aLele U J
_9738948
245 0 _aFood grain marketing in India
_cLele U J
260 _aBombay
_bBombay, Popular
_c1973
300 _a264p
942 _cTB
_hX8(J38):51.44 L3
999 _c1277715
_d1277715